000 03791cam a22012134i 4500
003 PE-LiUPU
005 20250813185347.0
008 150617s r 000 0 d
035 _a(Sirsi) a17549
040 _aPE-LiUPU
_bspa
_cPE-LiUPU
_erda
049 _aPRUA
082 0 4 _a390.8520933
_bC29
_221
100 1 _aCastro Bastos, Leonidas,
_eautor.
245 1 0 _aImpresiones sobre la Lima antañona /
_cLeonidas Castro Bastos.
264 1 _aLima :
_bEditorial e Inprenta Mariela,
_c1976.
300 _a147 páginas foto ;
_c21 cm.
336 _atext
_2rdacontent
337 _aunmediated
_2rdamedia
338 _avolume
_2rdacarrier
505 0 _aCronología limeña. -Casonas y balcones limeños. -Los Barrios Altos. -La comida criolla. -El mes morado. -La víspera de nochebuena. -Los escritores olvidados. -El costeño. -La tradición familiar. -El arte de tallar. -Los duendes. -Paseo de los Amancaes. -Pendencia a la salida de la escuela. -La bibliopola. -Los chicos de barrio. -Viajes por la serranía. -Tres poetas, un cuentista y un costumbrista. -La gente morena. -Las distracciones nocturnas. -La biblioteca nacional. -Entre la villa y el campo. -Sublimación del pasado. -Los escritores. -La chacra de la tía Cesárea. -Lima, la bella. -A las orillas del mar. -Don Enrique Palacios Cortés. -¡Oh, reminiscencias!. -Lima y el tranvía. -Palma, sicólogo. -El limeñista don José Gálvez. -El poeta épico de América.
526 _aP202
526 _aP201
526 _aP163
526 _aP162
526 _aP161
526 _aP160
526 _aP148
526 _aP147
526 _aP146
526 _aP145
526 _aP144
526 _aP143
526 _aP142
526 _aP141
526 _aP140
526 _aP139
526 _aP138
526 _aP137
526 _aP136
526 _aP135
526 _aP134
526 _aP133
526 _aP129
526 _aP128
526 _aP127
526 _aP120
526 _aP119
526 _aP118
526 _aP116
526 _aP115
526 _aP114
526 _aP110
526 _aP109
526 _aP108
526 _aP104
526 _aP103
526 _aP102
526 _aP99
526 _aP98
526 _aP97
526 _aP96
526 _aP95
526 _aP93
526 _aP90
526 _aP89
526 _aP88
526 _aP83
526 _aP82
526 _aP62
526 _aP59
526 _aP58
526 _aP57
526 _aP51
526 _aP49
526 _aP48
526 _aP47
526 _aP29
526 _aP24
526 _aP20
526 _aP19
526 _aP17
526 _aP15
526 _aP14
526 _aP12
526 _aP10
526 _aP09
526 _aP08
526 _aP07
526 _aP06
526 _aP05
526 _aP04
526 _aP01
651 _aLIma
_xVida Social y costumbres
_ySiglo XIX.
910 _ajck
_bjvq
_cjck
_d20150616
942 _2ddc
_cBOOK
949 _a390.8520933 C29
_wDEWEY
_c1
_i16187
_lCCODEBUL1
_mBUL
_p00.00
_r0
_sY
_tBOOK
_u19781120
_xEDUCACION
_zUNKNOWN
_0COMPRA
_o.STAFF. Colección General
949 _a390.8520933 C29
_wDEWEY
_c2
_i16128
_lCCODEBUL1
_mBUL
_p00.00
_r0
_sY
_tBOOK
_u19781120
_xEDUCACION
_zUNKNOWN
_0COMPRA
_o.STAFF. Colección General
994 _aC0
_bPEPRU
596 _a1
999 _a390.8520933 C29
_wDEWEY
_c17141
_i16187
_d17141
_f2019-12-10
_g4
_lDISCARD
_mBUL
_q1
_r0
_sN
_tBOOK
_u2015-6-17
_xEDUCACION
_zUNKNOWN
_0COMPRA
_o.STAFF. Colección General
999 _a390.8520933 C29
_wDEWEY
_c2
_i16128
_f2021-11-5
_g5
_lCCODEBUL1
_mBUL
_r0
_sN
_tBOOK
_u2015-6-17
_xBIBLIOTECA
_zUNKNOWN
_0COMPRA
_o.STAFF. Colección General
980 _81
_gALBERTO SANCHEZ Responsable de Automatización